LEADER 01389nas 2200469-a 450 001 996211756203316 005 20240413023423.0 035 $a(CKB)110978979592953 035 $a(CONSER)---92660507- 035 $a(EXLCZ)99110978979592953 100 $a19871222a19869999 --- a 101 0 $aeng 181 $ctxt$2rdacontent 182 $cc$2rdamedia 183 $acr$2rdacarrier 200 10$aAnnual report /$fthe Rockefeller Foundation 210 $aNew York, NY $cThe Foundation$d1986- 215 $a1 online resource 311 $aPrint version: Annual report / (DLC) 92660507 (DLC)sn 87022947 (OCoLC)17278169 1052-8881 531 $aROCKEFELLER FOUNDATION ANNUAL REPORT 531 0 $aAnnu. rep. - Rockefeller Found. 606 $aFOUNDATIONS$2unbist 606 $aUNITED STATES$2unbist 606 $aACTIVITIES$2unbist 606 $aFoundations 606 $aFinancing, Organized 606 $aTraining Support 608 $aPeriodicals.$2fast 608 $aPeriodicals.$2lcgft 608 $aAnnual Report. 615 7$aFOUNDATIONS. 615 7$aUNITED STATES. 615 7$aACTIVITIES. 615 12$aFoundations. 615 22$aFinancing, Organized. 615 22$aTraining Support. 676 $a361.7/63 906 $aJOURNAL 912 $a996211756203316 920 $aexl_impl conversion 996 $aAnnual report$9162222 997 $aUNISA LEADER 01839nas 2200601- 450 001 9910850814603321 005 20240418213016.0 035 $a(OCoLC)1032826521 035 $a(CKB)5450000000771478 035 $a(CONSER)--2023270709 035 $a(EXLCZ)995450000000771478 100 $a20180430b18631873 k-- b 101 0 $ager 135 $aurcnu|||||||| 181 $ctxt$2rdacontent 182 $cc$2rdamedia 183 $acr$2rdacarrier 200 10$aColumbia 210 1$a[Washington, D.C. :$cpublisher not identified],$d1863- 215 $a1 online resource 300 $aSubtitle: Washingtoner Anzeiger und Unterhaltungsblatt, <1873>. 300 $aPublisher: Werner Koch, <1873>. 311 $a2994-6352 606 $aGermans$zWashington (D.C.)$vNewspapers 606 $aGerman Americans$vNewspapers 606 $aGerman American newspapers 606 $aAllemands$zWashington (D.C.)$vJournaux 606 $aAméricains d'origine allemande$vJournaux 606 $aJournaux américains (allemands) 606 $aGerman American newspapers$2fast 606 $aGerman Americans$2fast 606 $aGermans$2fast 607 $aWashington (D.C.)$vNewspapers 607 $aWashington (D.C.)$2fast 608 $aPeriodical 608 $anewspapers.$2aat 608 $aNewspapers$2fast 608 $aNewspapers.$2lcgft 608 $aJournaux.$2rvmgf 615 0$aGermans 615 0$aGerman Americans 615 0$aGerman American newspapers. 615 6$aAllemands 615 6$aAméricains d'origine allemande 615 6$aJournaux américains (allemands) 615 7$aGerman American newspapers 615 7$aGerman Americans 615 7$aGermans 676 $a071.3 906 $aJOURNAL 912 $a9910850814603321 996 $aColumbia$92272030 997 $aUNINA